| 000 | 00982naa a22003137a 4500 | ||
|---|---|---|---|
| 001 | BR6009925 | ||
| 003 | BR-BrBNA | ||
| 005 | 20240918173125.0 | ||
| 007 | ta | ||
| 008 | 230509b bl.||||| |||| 00| 0 por d | ||
| 040 |
_aBR-BrBNA _bpor _cBiblioteca Nacional de Agricultura |
||
| 041 | _a(Pt) | ||
| 072 |
_aL72 _b5240 _b4060 _b3887 |
||
| 090 | _aL72 BR6009925 | ||
| 100 | 1 | _aFinamor, D. | |
| 111 | 1 |
_a6. Congresso Rural _cPorto Alegre, RS (Brazil) _d10 Jul 1932 |
|
| 245 | 1 | _aA strongylose gastro intestinal das ovelhas [Praga de animal; Ovis aries] | |
| 260 | 3 |
_aPorto Alegre, RS (Brasil): _c1932. |
|
| 500 | _aAnnaes do 6. Congresso Rural Porto Alegre, RS (Brasil): 1932. p. 375-389 (BR6009925-AM)L72 | ||
| 650 | _aPraga de animal | ||
| 650 | _aOvelha | ||
| 650 | _aEstrongilose | ||
| 650 | _aIntestino | ||
| 650 | _aControle quimico | ||
| 650 | _aSulfato de cobre | ||
| 650 | _aControle mecanico | ||
| 909 |
_a202404 _bLucia _c55 _dLucia Elande |
||
| 942 |
_cAM _2AGRIS |
||
| 999 |
_c303006 _d303006 |
||